Programování v jazyku FORTRAN

Gespeichert in:
Bibliographische Detailangaben
1. Verfasser: Vogel, Jiří
Format: Buch
Sprache:Tschechisch
Veröffentlicht: Praha Státní nakladatelství technické literatury 1981
Ausgabe:4. uprav. vyd.
Tags: Tag hinzufügen
Keine Tags, Fügen Sie das erste Tag hinzu!

MARC

LEADER 00000nam a2200000 4500
001 c119114
005 20041019155213.3
041 0 |a cze 
044 |a CZ 
245 1 0 |a Programování v jazyku FORTRAN  |c Jiří Vogel 
250 |a 4. uprav. vyd. 
264 1 |a Praha  |b Státní nakladatelství technické literatury  |c 1981 
300 |a 243 s. 
100 1 |a Vogel, Jiří